00313nam a2200121Ia 4500008004100000041000800041082001700049100001400066245004500080260002600125300003100151365000900182240624s9999 xx 000 0 und d aeng a650.1082 KIN aKING EDEN aHOW WOMEN CAN MAKE IT WORK THE SCIENCE O c2011aLondonbPraeger axxi, : 327 : p. : cm. ; 24 cb30